| 000 | 00942nam a2200241 a 4500 | ||
|---|---|---|---|
| 001 | 40091 | ||
| 003 | BD-RjUL | ||
| 005 | 20211209053131.0 | ||
| 008 | 160421s1981 bg ||||| |||| 00| 0 ben d | ||
| 020 | _c: Tk.55.00 | ||
| 035 | _a(BD-RjUL)40206 | ||
| 040 |
_aBD-RjUL _bben _cBD-RjUL |
||
| 041 | _aben | ||
| 082 |
_223 _a546 _bAHA 1981 |
||
| 100 |
_aআহ্মেদ, এ. কে. সামছ্উদ্দিন _9123460 |
||
| 245 |
_aঅজৈব রসায়ন / _cএ. কে. সামছ্উদ্দিন আহ্মেদ |
||
| 260 |
_aঢাকা : _bবাংলা একাডেমী, _c১৯৮১ [মুদ্রণ ১৯৮২] |
||
| 300 |
_a[৩], ৭৮৫ পৃ. : _bচিত্র ; _c২১ সে.মি. |
||
| 500 | _a[বি. এস-সি. পাস মানের] | ||
| 650 |
_aরসায়ন, অজৈব _9123151 |
||
| 650 |
_aChemistry, Inorganic _9123152 |
||
| 942 |
_2ddc _cBK |
||
| 999 |
_c40091 _d40091 |
||